Statistics for You Figure It Out! #4

Click here to take the quiz!

General Stats

  • This quiz has been taken 31 times
  • The average score is 12 of 16

Answer Stats

HintAnswer% Correct
2012London
100%
2008Beijing
97%
2016Rio de Janeiro
97%
2020* 2021Tokyo
94%
2004Athens
87%
2000Sydney
84%
1996Atlanta
81%
1992Barcelona
81%
1988Seoul
74%
1984Los Angeles
65%
1980Moscow
65%
1972Munich
65%
1968Mexico City
58%
1960Rome
58%
1976Montreal
52%
1964Tokyo
45%

Score Distribution

Percentile by Number Answered

Percent of People with Each Score

Your Score History

You have not taken this quiz